000 01245cam a22003011i 4500
003 SA-RiAUC
005 20251005112806.0
008 251002s1974 ua g 000 0 ara c
040 _aSA-RiKSU
_bara
_cSA-RiAUC
_erda
050 4 _b.1974 K57
082 0 4 _a 229.8
090 _a 229.8
_bك ر م
100 1 _a الكرماني، محمود بن حمزة بن نصر،
_dتوفي حوالي 505 هجري
_eمؤلف.
245 1 0 _aأسرار التكرار في القرآن /
_cتأليف برهان الدين محمود بن حمزة بن نصر الكرماني ؛ تحقيق ودراسة عبد القادر أحمد عطا.
250 _aالطبعة الثانية.
264 1 _aالقاهرة :
_bدار الاعتصام،
_c1974
300 _a270 صفحة ؛
_c24 سم.
336 _aنص
_btxt
_2rdacontent
_3كتاب
337 _aبدون وسيط
_bn
_2rdamedia
338 _aمجلد
_bnc
_2rdacarrier
490 0 _aنوادر التراث ؛
_v2
630 2 7 _aالقرآن
_xبلاغة
_2aucut
650 4 7 _aالقرآن
_vالمتشابهه.
_2aucsh
700 1 _aعطا، عبد القادر أحمد
_eمحقق.
730 2 2 _aالقرآن
942 _2ddc
_cBOOK
_n0
949 _aSA-JeALM
_d251002
_umohamedma123
_n1
999 _c12370
_d12370